|
|
|
|
| LEADER |
01581nam a2200349 4500 |
| 001 |
33311 |
| 003 |
BD-DhAAL |
| 005 |
20250625110845.0 |
| 008 |
180711t1991 enk b 00110 eng d |
| 015 |
|
|
|a b9162231
|
| 020 |
|
|
|a 1853391573
|
| 020 |
|
|
|a 1853390968
|c L.14.95
|
| 035 |
|
|
|a 17537
|
| 040 |
|
|
|d WLB
|d NUN
|d BD-DhAAL
|
| 082 |
0 |
|
|a 338.91
|2 20
|
| 100 |
1 |
|
|a Smillie, Ian.
|9 26908
|
| 245 |
1 |
0 |
|a Mastering the machine :
|b poverty, aid and technology /
|c Ian Smillie.
|
| 260 |
|
|
|a London :
|b Intermediate Technology,
|c 1991.
|
| 300 |
|
|
|a xi, 268 pages ;
|c 24 cm.
|
| 500 |
|
|
|a "We are becoming the servants in thought, as in action, of the machine we have created to serve us. John Kenneth Galbraith".
|
| 500 |
|
|
|a Text on lining papers of hardback.
|
| 504 |
|
|
|a Includes bibliographical references (pages 260-264) and index.
|
| 526 |
|
|
|a ARC
|
| 541 |
|
|
|a Department of Architecture
|e 33311
|
| 650 |
|
0 |
|a Technology
|z Developing countries.
|9 26909
|
| 650 |
|
0 |
|a Economic assistance
|z Developing countries.
|9 26910
|
| 650 |
|
0 |
|a Appropriate technology
|z Developing countries.
|9 26911
|
| 710 |
2 |
|
|a Intermediate Technology Development Group.
|9 26912
|
| 852 |
|
|
|a School of Architecture & Design (SoAD)
|c General Stacks
|
| 942 |
|
|
|2 ddc
|c BK
|
| 999 |
|
|
|c 39673
|d 39673
|
| 952 |
|
|
|0 0
|1 1
|2 ddc
|4 0
|6 338_910000000000000_SMI
|7 0
|9 63713
|a ARC
|b ARC
|c GEN
|d 2018-07-11
|e Department of Architecture
|l 0
|o 338.91 SMI
|p 3010033311
|r 2018-07-11
|t 1
|w 2018-07-11
|y BK
|x lost from the ARC department library and approved by the Dean (reasons personal books withdrawn by Hasibul Kabir Sir and Building shifting)
|